[Event "Mindsports"]
[Site "Beijing CHN"]
[Date "2008.10.09"]
[EventDate "2008.10.09"]
[Round "2"]
[Result "1/2-1/2"]
[White "Utut Adianto"]
[Black "Arkadij Naiditsch"]
[WhiteElo "2554"]
[BlackElo "2678"]
[PlyCount "138"]

1. d4 Nf6 2. c4 e6 3. Nf3 Bb4+ 4. Nbd2 c5 5. a3 Bxd2+ 6. Qxd2
cxd4 7. Qxd4 Nc6 8. Qd3 d5 9. cxd5 exd5 10. g3 Ne4 11. Bg2 O-O
12. O-O Bg4 13. Be3 Qd7 14. Rfd1 Rfd8 15. Ng5 Nf6 16. Nf3 h6
17. Bd4 Qe6 18. Qb5 Rd7 19. Rac1 a6 20. Qd3 Re8 21. Re1 Ne4
22. b4 Nd6 23. Ba1 Bxf3 24. Bxf3 Ne4 25. Red1 Red8 26. Bg2 f6
27. e3 Ne5 28. Qe2 Nc4 29. a4 b5 30. axb5 axb5 31. Rd4 Ra8
32. Rdd1 Rda7 33. Bd4 Ra4 34. Ra1 f5 35. h3 R8a6 36. g4 fxg4
37. Qxg4 Qf7 38. Rxa4 Rxa4 39. Bxe4 dxe4 40. Bxg7 Kh7 41. Rd7
h5 42. Qxe4+ Qg6+ 43. Qxg6+ Kxg6 44. Bf8 Kf5 45. Kg2 Ra8
46. Bc5 Rg8+ 47. Kf1 Ke6 48. Rb7 Nd2+ 49. Ke2 Ne4 50. Bd4 Rf8
51. f4 Ng3+ 52. Kf3 Nf5 53. Bc5 Rg8 54. e4 Nh4+ 55. Ke3 Rg3+
56. Ke2 Rxh3 57. Rxb5 Ng2 58. Rb6+ Kf7 59. f5 Nf4+ 60. Kf2
Nd3+ 61. Kg2 Nf4+ 62. Kg1 Rf3 63. Rb7+ Kf6 64. Be7+ Ke5 65. f6
Kxe4 66. Rb5 Nd5 67. Rc5 Nxf6 68. Bxf6 Rxf6 69. Rxh5 Rb6
1/2-1/2

[Event "Mindsports"]
[Site "Beijing CHN"]
[Date "2008.10.10"]
[EventDate "2008.10.09"]
[Round "4"]
[Result "0-1"]
[White "Valeriy Aveskulov"]
[Black "Arkadij Naiditsch"]
[WhiteElo "2544"]
[BlackElo "2678"]
[PlyCount "78"]

1. e4 e5 2. Nf3 Nc6 3. Bb5 Nf6 4. O-O Nxe4 5. d4 Nd6 6. Bxc6
dxc6 7. dxe5 Nf5 8. Qxd8+ Kxd8 9. h3 h6 10. b3 Ke8 11. Nc3 Ne7
12. Ne4 Ng6 13. Re1 Bd7 14. Ng3 a5 15. Nh5 c5 16. c4 a4
17. Bb2 Rg8 18. Nh2 Ne7 19. Ng4 Kd8 20. Nf4 Be6 21. Ne3 Nc6
22. Red1+ Kc8 23. Nfd5 g5 24. Nf6 Rh8 25. g4 Nd4 26. Kg2 b6
27. b4 a3 28. Bxd4 cxd4 29. Ned5 Kb7 30. Rxd4 c6 31. Rb1 cxd5
32. cxd5 Rd8 33. Rdd1 Bd7 34. Kg3 Bg7 35. Nxd7 Rxd7 36. f4 Rc8
37. Rb3 Rc4 38. d6 gxf4+ 39. Kf3 Bxe5 0-1

[Event "Mindsports"]
[Site "Beijing CHN"]
[Date "2008.10.10"]
[EventDate "2008.10.09"]
[Round "5"]
[Result "1/2-1/2"]
[White "Arkadij Naiditsch"]
[Black "Hristos Banikas"]
[WhiteElo "2678"]
[BlackElo "2572"]
[PlyCount "81"]

1. e4 c5 2. Nf3 Nc6 3. Bb5 Nf6 4. Nc3 Qc7 5. O-O Nd4 6. Re1 a6
7. Bf1 e5 8. Bc4 d6 9. h3 Be6 10. d3 b5 11. Bxe6 fxe6 12. Nxd4
cxd4 13. Ne2 Be7 14. c3 dxc3 15. Nxc3 O-O 16. Qb3 Qd7 17. Be3
Rab8 18. Rac1 Kh8 19. a3 Bd8 20. d4 exd4 21. Bxd4 e5 22. Be3
Ba5 23. Red1 Rfc8 24. f3 Bxc3 25. Rxc3 Rxc3 26. Qxc3 Rc8
27. Qd3 Rc6 28. Bg5 Qe6 29. Bxf6 gxf6 30. Kh2 Kg7 31. Rd2 Qc4
32. Qe3 Qc5 33. Qe1 Kf7 34. Qh4 Qe3 35. Qxh7+ Kf8 36. Rd1 Qf4+
37. Kh1 Rc1 38. Qh8+ Kf7 39. Qh5+ Kf8 40. Qh8+ Kf7 41. Qh7+
1/2-1/2

[Event "Mindsports"]
[Site "Beijing CHN"]
[Date "2008.10.10"]
[EventDate "2008.10.09"]
[Round "6"]
[Result "1/2-1/2"]
[White "Zhong Zhang"]
[Black "Arkadij Naiditsch"]
[WhiteElo "2649"]
[BlackElo "2678"]
[PlyCount "97"]

1. e4 e5 2. Nf3 Nc6 3. Bc4 Nf6 4. d3 Be7 5. O-O O-O 6. Re1 d6
7. c3 Kh8 8. Nbd2 Ng4 9. h3 Nh6 10. d4 f5 11. Bd5 exd4
12. Nxd4 Nxd4 13. cxd4 fxe4 14. Bxe4 d5 15. Bd3 Bf5 16. Nf3
Bxd3 17. Qxd3 Nf5 18. Bf4 Nh4 19. Nxh4 Bxh4 20. Bg3 c6 21. Re2
Bxg3 22. Qxg3 Qf6 23. Qc3 Rae8 24. Rae1 Re4 25. Rxe4 Qxf2+
26. Kh2 dxe4 27. Rxe4 h6 28. a4 Rd8 29. b3 a6 30. Re7 Qf4+
31. Qg3 Qxg3+ 32. Kxg3 b5 33. Re4 Kg8 34. Kf3 Kf7 35. axb5
axb5 36. Ke3 Rd5 37. Kd3 h5 38. Kc3 Kf6 39. g4 hxg4 40. hxg4
Kg5 41. Re6 Kxg4 42. Rg6+ Rg5 43. Rxc6 Kf4 44. Re6 Rd5 45. Rg6
Rd7 46. d5 Kf5 47. Rg1 Ke5 48. Kb4 Kxd5 49. Rg5+ 1/2-1/2

[Event "Mindsports"]
[Site "Beijing CHN"]
[Date "2008.10.11"]
[EventDate "2008.10.09"]
[Round "8"]
[Result "0-1"]
[White "Arkadij Naiditsch"]
[Black "Thien Hai Dao"]
[WhiteElo "2678"]
[BlackElo "2510"]
[PlyCount "68"]

1. e4 c5 2. Nf3 d6 3. d4 cxd4 4. Nxd4 Nf6 5. Nc3 a6 6. Bc4 e6
7. Bb3 Nbd7 8. Bg5 Nc5 9. f4 Be7 10. Qf3 Qc7 11. O-O-O O-O
12. f5 Bd7 13. Kb1 Nxb3 14. axb3 b5 15. g4 Rac8 16. b4 a5
17. Bh4 axb4 18. g5 Ne8 19. Na2 e5 20. Nb3 Qxc2+ 21. Ka1 d5
22. Rxd5 Qc7 23. Rc1 Bc6 24. f6 Bd6 25. Kb1 Qb7 26. Na5 Qa8
27. Nxc6 Rxc6 28. Rcd1 Qa4 29. b3 Qa3 30. fxg7 Kxg7 31. Bg3
Rc3 32. Nxc3 Qxb3+ 33. Ka1 bxc3 34. Qf2 c2 0-1

[Event "Mindsports"]
[Site "Beijing CHN"]
[Date "2008.10.11"]
[EventDate "2008.10.09"]
[Round "9"]
[Result "1/2-1/2"]
[White "Ni Hua"]
[Black "Arkadij Naiditsch"]
[WhiteElo "2710"]
[BlackElo "2678"]
[PlyCount "145"]

1. e4 e5 2. Nf3 Nc6 3. Nc3 Nf6 4. d4 exd4 5. Nxd4 Bb4 6. Nxc6
bxc6 7. Bd3 d5 8. exd5 cxd5 9. O-O O-O 10. Bg5 c6 11. Qf3 h6
12. Bxf6 Qxf6 13. Qxf6 gxf6 14. Ne2 a5 15. Ng3 Re8 16. Nh5 Be7
17. Rae1 Be6 18. Re3 Rab8 19. b3 Kf8 20. h3 c5 21. Rf3 c4
22. Bf5 Bd8 23. Rd1 cxb3 24. axb3 Rc8 25. Bd3 f5 26. Ng3 f4
27. Nh5 Bc7 28. Nxf4 Ke7 29. Re1 Rcd8 30. Nh5 Rg8 31. Rf6 Rh8
32. Bg6 Kd7 33. Bxf7 Bxf7 34. Rxf7+ Kc6 35. Ng7 Rd7 36. Rxd7
Kxd7 37. Nf5 h5 38. Re7+ Kc6 39. Nd4+ Kb6 40. Re6+ Kb7 41. Nb5
Bb6 42. Nd6+ Kc7 43. Ne8+ Kb7 44. Nf6 Rh6 45. Re7+ Kc6 46. Nd7
Kd6 47. Rg7 Bd4 48. Rf7 Re6 49. Kf1 Re8 50. g4 hxg4 51. hxg4
Rc8 52. g5 Rc7 53. Rf4 Bb2 54. Nf6 Ke5 55. Rf3 Rg7 56. Rg3 Bc1
57. Nh5 Rxg5 58. Rxg5+ Bxg5 59. Ke2 Kd4 60. f4 Be7 61. Ng3 Bf8
62. f5 Bd6 63. Nh5 Ke5 64. f6 Ke6 65. Kd3 Be5 66. c4 dxc4+
67. Kxc4 Kf7 68. Kb5 Kg6 69. Kxa5 Kxh5 70. f7 Bg7 71. b4 Kg6
72. b5 Kxf7 73. b6 1/2-1/2

[Event "2008 Olympiad"]
[Site "Dresden GER"]
[Date "2008.11.14"]
[EventDate "2008.11.13"]
[Round "2"]
[Result "1/2-1/2"]
[White "Alexander Beliavsky"]
[Black "Arkadij Naiditsch"]
[WhiteElo "2619"]
[BlackElo "2678"]
[PlyCount "106"]

1. d4 Nf6 2. c4 e6 3. Nf3 d5 4. g3 dxc4 5. Bg2 c5 6. Na3 Nc6
7. O-O cxd4 8. Nxc4 Bc5 9. Nfe5 Nxe5 10. Nxe5 O-O 11. Bf4 Nd5
12. Rc1 Qe7 13. Qc2 Bb6 14. Nc4 Nxf4 15. gxf4 Bc7 16. Ne5 Bxe5
17. fxe5 Bd7 18. Qc4 Rfd8 19. Qxd4 Bc6 20. Qe3 Bxg2 21. Kxg2
Qb4 22. b3 Rd4 23. Rfd1 Rg4+ 24. Kf1 h6 25. Rd7 Rf8 26. Qc5 a5
27. f3 Rh4 28. Kg2 g5 29. e4 Qxc5 30. Rxc5 b6 31. Rcc7 Rf4
32. Kg3 b5 33. Rd6 b4 34. Rcd7 h5 35. h3 f5 36. exf6 h4+
37. Kf2 R4xf6 38. Rd3 Rc8 39. Ke3 Rf7 40. Rd8+ Rf8 41. R8d6
Kf7 42. Ra6 Ra8 43. Rd7+ Kf6 44. Rxa8 Rxa8 45. Kd4 Rf8 46. Ra7
Rd8+ 47. Ke3 Rd1 48. Rxa5 Rh1 49. Rb5 Rxh3 50. Rxb4 Rh2 51. a4
Rb2 52. Rb8 h3 53. a5 h2 1/2-1/2

[Event "2008 Olympiad"]
[Site "Dresden GER"]
[Date "2008.11.22"]
[EventDate "2008.11.13"]
[Round "9"]
[Result "1/2-1/2"]
[White "Bartosz Socko"]
[Black "Arkadij Naiditsch"]
[WhiteElo "2631"]
[BlackElo "2678"]
[PlyCount "102"]

1. d4 Nf6 2. c4 g6 3. Nc3 d5 4. Bf4 Bg7 5. e3 c5 6. dxc5 Qa5
7. Rc1 dxc4 8. Bxc4 O-O 9. Nge2 Qxc5 10. Qb3 Nc6 11. Nb5 Qh5
12. Ng3 Qh4 13. Nc7 e5 14. Bg5 Qxg5 15. Nxa8 e4 16. O-O h5
17. Ne2 Ng4 18. Nf4 Bf5 19. Nc7 Nd4 20. exd4 Qxf4 21. Qg3 Qxg3
22. hxg3 Bxd4 23. Be2 e3 24. f3 Nf2 25. Nd5 Rd8 26. Ne7+ Kg7
27. Nxf5+ gxf5 28. Rc2 Bb6 29. Rfc1 Rd2 30. Kh2 a5 31. g4 hxg4
32. Kg3 Bd4 {32...f4! 33.Kxf4 Rxe2 34.Rxe2 Nd3+ -+} 33. Rxd2
Be5+ 34. Kh4 exd2 35. Rf1 g3 36. Kg5 f4 37. Kf5 f6 38. Ke6 b5
39. Rb1 b4 40. Kd5 Kf7 41. Kc4 Ke6 42. Kb3 Bd4 43. Kc2 Be3
44. a3 Ke5 45. axb4 axb4 46. Ra1 Bd4 47. Ra5+ Kd6 48. Ra6+ Kc5
49. Ra5+ Kd6 50. Ra6+ Kc5 51. Ra5+ Kd6 1/2-1/2

[Event "Dortmund"]
[Site "Dortmund GER"]
[Date "2009.07.08"]
[EventDate "?"]
[Round "6"]
[Result "1/2-1/2"]
[White "Etienne Bacrot"]
[Black "Arkadij Naiditsch"]
[WhiteElo "2721"]
[BlackElo "2697"]
[PlyCount "47"]

1. d4 Nf6 2. c4 e6 3. Nf3 b6 4. g3 Bb7 5. Bg2 Be7 6. O-O O-O
7. Nc3 Ne4 8. Nxe4 Bxe4 9. Nh4 Bxg2 10. Nxg2 d5 11. Qa4 dxc4
12. Qxc4 c5 13. Be3 cxd4 14. Bxd4 Qc8 15. Rfc1 Qxc4 16. Rxc4
Na6 17. Rac1 Rfd8 18. a4 f6 19. Ne3 Kf7 20. Kg2 Nc5 21. Bxc5
Bxc5 22. b4 Bxe3 23. Rc7+ Ke8 24. fxe3 1/2-1/2

[Event "10th European Individual Championship"]
[Site "Budva MNE"]
[Date "2009.03.10"]
[EventDate "2009.03.06"]
[Round "5"]
[Result "1-0"]
[White "Arkadij Naiditsch"]
[Black "Athanasios Mastrovasilis"]
[WhiteElo "2693"]
[BlackElo "2486"]
[PlyCount "81"]

1. e4 e5 2. Nf3 Nc6 3. Bb5 Nf6 4. O-O Nxe4 5. d4 Nd6 6. Bxc6
dxc6 7. dxe5 Nf5 8. Qxd8+ Kxd8 9. Nc3 Ke8 10. h3 b6 11. Re1
Bb4 12. Bd2 Be6 13. g4 Ne7 14. Ng5 h6 15. Nxe6 fxe6 16. Kg2
Rd8 17. Rad1 Ng6 18. Kg3 Rf8 19. Ne4 Be7 20. Rf1 Rd4 21. Rde1
Bh4+ 22. Kg2 Nf4+ 23. Kh2 Rf7 24. b3 a5 25. Bc1 Rf8 26. Ng3
Rf7 27. Be3 Rd5 28. Bc1 Rd4 29. Be3 Rd5 30. c4 Rd8 31. Rd1
Rxd1 32. Rxd1 Ng6 33. Nh5 Bxf2 34. Nxg7+ Ke7 35. Bxh6 Bh4
36. Nh5 Rf2+ 37. Kg1 Rxa2 38. Bg7 Re2 39. Bf6+ Kf7 40. Rd7+
Ke8 41. Rg7 1-0

[Event "10th European Individual Championship"]
[Site "Budva MNE"]
[Date "2009.03.12"]
[EventDate "2009.03.06"]
[Round "7"]
[Result "1/2-1/2"]
[White "Arkadij Naiditsch"]
[Black "Rauf Mamedov"]
[WhiteElo "2693"]
[BlackElo "2638"]
[PlyCount "107"]

1. e4 c5 2. Nf3 d6 3. d4 Nf6 4. Nc3 cxd4 5. Nxd4 Nc6 6. Bg5 e6
7. Qd2 Be7 8. O-O-O a6 9. f4 Nxd4 10. Qxd4 b5 11. Bxf6 gxf6
12. f5 Bd7 13. Be2 Qa5 14. Bh5 O-O 15. Kb1 Rac8 16. Rhf1 b4
17. Ne2 Ba4 18. b3 Bc6 19. Rf4 e5 20. Rg4+ Kh8 21. Qd2 Rg8
22. Rxg8+ Kxg8 23. Ng3 Qc5 24. Be2 Bb5 25. Bxb5 axb5 26. Nh5
Kf8 27. g4 Ke8 28. Qe2 Ra8 29. Rd5 Qa7 30. Qxb5+ Kf8 31. a4
bxa3 32. Ka2 Rc8 33. Rd2 Qe3 34. Qd3 Qxd3 35. cxd3 d5 36. exd5
Bb4 37. Re2 Ke7 38. Ng3 Rd8 39. Re4 Bc5 40. Ra4 Rxd5 41. Ra5
Kd6 42. Ne4+ Kc6 43. Ra6+ Bb6 44. Nc3 Ra5 45. Rxa5 Bxa5
46. Ne4 Kd5 47. Nxf6+ Kd4 48. Nxh7 Kxd3 49. g5 e4 50. Nf6 Bd8
51. Nxe4 Kxe4 52. g6 fxg6 53. fxg6 Bf6 54. Kxa3 1/2-1/2

[Event "10th European Individual Championship"]
[Site "Budva MNE"]
[Date "2009.03.14"]
[EventDate "2009.03.06"]
[Round "8"]
[Result "1/2-1/2"]
[White "Alexander Riazantsev"]
[Black "Arkadij Naiditsch"]
[WhiteElo "2634"]
[BlackElo "2693"]
[PlyCount "25"]

1. d4 Nf6 2. c4 e6 3. Nf3 d5 4. cxd5 exd5 5. Nc3 c6 6. Qc2 g6
7. Bg5 Be7 8. e4 Nxe4 9. Bxe7 Kxe7 10. Nxe4 dxe4 11. Qxe4+ Kf8
12. Bc4 Nd7 13. O-O 1/2-1/2

[Event "10th European Individual Championship"]
[Site "Budva MNE"]
[Date "2009.03.15"]
[EventDate "2009.03.06"]
[Round "9"]
[Result "1-0"]
[White "Arkadij Naiditsch"]
[Black "Victor Mikhalevski"]
[WhiteElo "2693"]
[BlackElo "2608"]
[PlyCount "177"]

1. e4 e5 2. Nf3 Nc6 3. Bb5 a6 4. Ba4 Nf6 5. O-O Nxe4 6. d4 b5
7. Bb3 d5 8. dxe5 Be6 9. Nbd2 Be7 10. c3 O-O 11. Bc2 f5
12. Nb3 Qd7 13. Nfd4 Nxd4 14. Nxd4 c5 15. Nxe6 Qxe6 16. f3 Ng5
17. a4 Rad8 18. axb5 axb5 19. Ra7 Rd7 20. Rxd7 Qxd7 21. Be3
Qc6 22. Bxg5 Bxg5 23. f4 Be7 24. g4 fxg4 25. Qxg4 c4 26. f5
Kh8 27. Kh1 d4+ 28. Be4 Qd7 29. cxd4 Qxd4 30. f6 g6 31. Qf4
Bd8 32. Bg2 Qxf4 33. Rxf4 Bc7 34. Re4 Bd8 35. Kg1 Bxf6
36. exf6 Rxf6 37. Re5 b4 38. Re2 Kg7 39. Bd5 c3 40. b3 Rd6
41. Be4 Kf6 42. Kf2 Kg5 43. Kg3 Rd4 44. Bc2 Rg4+ 45. Kf3 Rf4+
46. Ke3 Rh4 47. Rf2 Kh6 48. Be4 Kg5 49. Rg2+ Kf6 50. Kd4 Ke6
51. Ra2 Kd6 52. Ra6+ Kd7 53. Ra4 c2 54. Ra1 Rxh2 55. Rc1 Rh3
56. Bd3 Kd6 57. Kc4 Kc6 58. Be4+ Kd6 59. Bxc2 Rh4+ 60. Kb5 g5
61. Bd3 h5 62. Rc6+ Ke5 63. Rc5+ Kd4 64. Bg6 Rh3 65. Rc4+ Ke5
66. Kxb4 h4 67. Rc5+ Kf6 68. Be8 Rg3 69. Bd7 Ke7 70. Bc8 Kd6
71. Rc4 Ke5 72. Rc6 Rd3 73. Rc5+ Kf6 74. Kc4 Rg3 75. Rc6+ Kg7
76. Bf5 h3 77. Rg6+ Kf7 78. Rh6 g4 79. Rh4 Kf6 80. Bxg4 Kg5
81. Rxh3 Rxg4+ 82. Kc5 Kf6 83. Re3 Rg8 84. b4 Rc8+ 85. Kd6 Rb8
86. Rf3+ Kg5 87. Rb3 Kf5 88. b5 Ke4 89. b6 1-0

[Event "10th European Individual Championship"]
[Site "Budva MNE"]
[Date "2009.03.16"]
[EventDate "2009.03.06"]
[Round "10"]
[Result "1-0"]
[White "Arkadij Naiditsch"]
[Black "Baadur Jobava"]
[WhiteElo "2693"]
[BlackElo "2669"]
[PlyCount "42"]

1. e4 c6 2. d4 d5 3. exd5 cxd5 4. c4 Nf6 5. Nc3 e6 6. Nf3 Bb4
7. cxd5 Nxd5 8. Qc2 Nc6 9. a3 Bd6 10. Bd3 h6 11. O-O O-O
12. Qe2 Re8 13. Rd1 Nxc3 14. bxc3 e5 15. dxe5 Nxe5 16. Nxe5
Bxe5 17. Bb5 Bxh2+ 18. Kf1 Qe7 19. Bxe8 Qxe2+ 20. Kxe2 Bg4+
21. f3 Rxe8+ 1-0

[Event "10th European Individual Championship"]
[Site "Budva MNE"]
[Date "2009.03.17"]
[EventDate "2009.03.06"]
[Round "11"]
[Result "1/2-1/2"]
[White "Ernesto Inarkiev"]
[Black "Arkadij Naiditsch"]
[WhiteElo "2656"]
[BlackElo "2693"]
[PlyCount "28"]

1. e4 e5 2. Nf3 Nc6 3. Bb5 Nf6 4. O-O Nxe4 5. d4 Nd6 6. Bxc6
dxc6 7. dxe5 Nf5 8. Qxd8+ Kxd8 9. Nc3 Ke8 10. h3 h5 11. Bf4
Be7 12. Rad1 Nh4 13. Nd4 Nf5 14. Nce2 g5 1/2-1/2

[Event "ACP World Rapid Cup"]
[Site "Odessa UKR"]
[Date "2009.05.23"]
[EventDate "2009.05.22"]
[Round "2.5"]
[Result "0-1"]
[White "Arkadij Naiditsch"]
[Black "Dmitry Jakovenko"]
[WhiteElo "2700"]
[BlackElo "2753"]
[PlyCount "97"]

1. e4 e5 2. Nf3 Nf6 3. d4 Nxe4 4. dxe5 d5 5. Nbd2 Nxd2 6. Qxd2
c5 7. b4 Nc6 8. b5 Ne7 9. Bb2 Be6 10. Ng5 Qd7 11. O-O-O a6
12. a4 axb5 13. Bxb5 Nc6 14. f4 Be7 15. Nxe6 fxe6 16. f5 O-O-O
17. f6 gxf6 18. exf6 Bd6 19. Rhe1 Rhf8 20. Bxc6 bxc6 21. Qa5
Rde8 22. Be5 Bxe5 23. Rxe5 Qc7 24. Qxc7+ Kxc7 25. Rf1 Kd6
26. Rh5 Rf7 27. g4 Ra8 28. g5 Rxa4 29. Rf2 Rg4 30. h3 Rg3
31. h4 c4 32. Rxh7 c3 33. Kb1 Rxh7 34. f7 Rxf7 35. Rxf7 d4
36. Ka2 e5 37. Rg7 e4 38. Rg6+ Kd5 39. h5 e3 40. h6 Rh3
41. Rg8 e2 42. Re8 Re3 43. Rxe3 dxe3 44. h7 e1=Q 45. h8=Q Qd2
46. Qh7 e2 47. Qd7+ Ke4 48. Qxc6+ Kf5 49. Qb5+ 0-1

[Event "10th Karpov Tournament"]
[Site "Poikovsky RUS"]
[Date "2009.06.04"]
[EventDate "2009.06.03"]
[Round "2"]
[Result "0-1"]
[White "Alexey Shirov"]
[Black "Arkadij Naiditsch"]
[WhiteElo "2745"]
[BlackElo "2700"]
[PlyCount "98"]

1. d4 Nf6 2. c4 e6 3. Nf3 d5 4. g3 dxc4 5. Bg2 a6 6. O-O b5
7. Ne5 Nd5 8. e4 Nf6 9. a4 Bb7 10. axb5 axb5 11. Rxa8 Bxa8
12. Nc3 c6 13. Nxf7 Kxf7 14. e5 Nd5 15. Ne4 Be7 16. Qf3+ Ke8
17. Qg4 Kd7 18. Qxg7 Qg8 19. Nc5+ Ke8 20. Nxe6 Qxg7 21. Nxg7+
Kf7 22. Nf5 Na6 23. Bxd5+ cxd5 24. Nxe7 Kxe7 25. f4 Nb4 26. f5
h6 27. g4 Nc2 28. Rd1 Bb7 29. Kf2 b4 30. e6 b3 31. Kg3 c3
32. bxc3 Rc8 33. Bxh6 Rxc3+ 34. Kh4 Bc8 35. Bc1 Ne3 36. Rg1
Kf6 37. g5+ Kxf5 38. e7 Bd7 39. g6 Kf6 40. Kh5 Be8 41. Bxe3
Rxe3 42. h4 Re4 43. Rf1+ Kg7 44. Kg5 Bxg6 45. h5 Be8 46. Rf3
b2 47. Rb3 Re2 48. Rb7 Rh2 49. Kf5 Kf7 0-1

[Event "10th Karpov Tournament"]
[Site "Poikovsky RUS"]
[Date "2009.06.05"]
[EventDate "2009.06.03"]
[Round "3"]
[Result "1/2-1/2"]
[White "Arkadij Naiditsch"]
[Black "Emil Sutovsky"]
[WhiteElo "2700"]
[BlackElo "2660"]
[PlyCount "23"]

1. e4 c6 2. d4 d5 3. exd5 cxd5 4. c4 Nf6 5. Nc3 Nc6 6. Bg5 Be6
7. Bxf6 gxf6 8. c5 h5 9. Bb5 Bh6 10. Nge2 Rg8 11. g3 Qd7
12. f4 1/2-1/2

[Event "10th Karpov Tournament"]
[Site "Poikovsky RUS"]
[Date "2009.06.06"]
[EventDate "2009.06.03"]
[Round "4"]
[Result "1-0"]
[White "Ernesto Inarkiev"]
[Black "Arkadij Naiditsch"]
[WhiteElo "2676"]
[BlackElo "2700"]
[PlyCount "77"]

1. d4 Nf6 2. c4 e6 3. Nf3 d5 4. g3 dxc4 5. Bg2 a6 6. O-O b5
7. Ne5 Nd5 8. a4 Bb7 9. b3 c3 10. e4 Nf6 11. Nxc3 b4 12. Na2
Nbd7 13. Bf4 Nxe5 14. Bxe5 Nxe4 15. Rc1 Rc8 16. Qe1 f5
17. Nxb4 c5 18. Nd3 cxd4 19. Rxc8 Qxc8 20. Bxd4 Qd7 21. Qa1
Bd6 22. Bxg7 Rg8 23. Bh6 Bxg3 24. hxg3 Qxd3 25. Qe5 Qd5
26. Qc7 Qd7 27. Rc1 Qxc7 28. Rxc7 Bd5 29. b4 Nf6 30. Bf1 Rg6
31. Bf4 Ng4 32. Bxa6 e5 33. Bb5+ Kf8 34. Bd2 f4 35. Rxh7 Bf3
36. Kf1 Nf6 37. Rh3 Ne4 38. Be1 Rd6 39. gxf4 1-0

[Event "Dortmund"]
[Site "Dortmund GER"]
[Date "2009.07.02"]
[EventDate "?"]
[Round "1"]
[Result "1/2-1/2"]
[White "Arkadij Naiditsch"]
[Black "Etienne Bacrot"]
[WhiteElo "2700"]
[BlackElo "2728"]
[PlyCount "83"]

1. e4 e5 2. Nf3 Nc6 3. Bb5 a6 4. Ba4 Nf6 5. O-O Be7 6. Re1 b5
7. Bb3 O-O 8. c3 d5 9. exd5 Nxd5 10. Nxe5 Nxe5 11. Rxe5 c6
12. d3 Bd6 13. Re1 Bf5 14. Qf3 Qh4 15. g3 Qh3 16. Bxd5 cxd5
17. Qxd5 Rad8 18. Qg2 Qxg2+ 19. Kxg2 Bxd3 20. Be3 Be4+ 21. f3
Bc6 22. Nd2 Rfe8 23. Nb3 f6 24. Nd4 Bb7 25. g4 Bc5 26. b4 Bxd4
27. Bxd4 Rxe1 28. Rxe1 Kf7 29. Bc5 Rd7 30. h4 Bd5 31. a3 Be6
32. Bd4 Bc4 33. Kg3 Re7 34. Rd1 Bb3 35. Rd2 Re1 36. h5 Rd1
37. Re2 Rd3 38. Kf4 Bd5 39. Re3 Rxe3 40. Kxe3 Bb3 41. Kf4 Bd1
42. Ke3 1/2-1/2

[Event "TCh-HUN 2008-9"]
[Site "Nagykanizsa HUN"]
[Date "2009.01.11"]
[EventDate "2008.10.26"]
[Round "5"]
[Result "1/2-1/2"]
[White "Oleg Romanishin"]
[Black "Arkadij Naiditsch"]
[WhiteElo "2532"]
[BlackElo "2678"]
[PlyCount "92"]

1. Nf3 Nf6 2. g3 d5 3. Bg2 c5 4. O-O Nc6 5. d4 e6 6. c4 dxc4
7. Ne5 Bd7 8. Nxc4 cxd4 9. Bf4 Nd5 10. Nd6+ Bxd6 11. Bxd6 Bc8
12. Bc5 Nde7 13. Nd2 O-O 14. Nc4 e5 15. Rc1 Be6 16. Nd6 Qd7
17. Qa4 Rfd8 18. Rfd1 Nd5 19. Ba3 Nce7 20. Qxd7 Rxd7 21. Ne4
b6 22. Ng5 Rad8 23. Nxe6 fxe6 24. Be4 Nf5 25. Bd3 Nd6 26. Rc6
Ne7 27. Rcc1 Kf7 28. f3 Nd5 29. Rc6 b5 30. Bxd6 Rxd6 31. Rdc1
a6 32. Rxd6 Rxd6 33. Kf2 Rd7 34. Rc6 Nb4 35. Rc8 Nxa2 36. Bxh7
Nb4 37. Bd3 Nxd3+ 38. exd3 a5 39. Ke2 a4 40. Rb8 Rd5 41. h4
Rc5 42. Kd2 g6 43. Rb7+ Kf8 44. g4 Ke8 45. Kd1 Kf8 46. Kd2 Ke8
1/2-1/2

[Event "Ordix Open"]
[Site "Mainz GER"]
[Date "2009.08.01"]
[EventDate "2009.08.01"]
[Round "4"]
[Result "0-1"]
[White "Adam Horvath"]
[Black "Arkadij Naiditsch"]
[WhiteElo "2506"]
[BlackElo "2697"]
[PlyCount "82"]

1. e4 e5 2. Nf3 Nc6 3. Bb5 Nf6 4. O-O Nxe4 5. d4 Nd6 6. dxe5
Nxb5 7. a4 Nd6 8. Bg5 f6 9. Re1 Be7 10. exd6 cxd6 11. Bf4 Ne5
12. Nd4 O-O 13. Nf5 Re8 14. Ra3 Bf8 15. Rae3 Re6 16. Nd4 Nc4
17. Nxe6 dxe6 18. R3e2 d5 19. b3 Nd6 20. c4 Nf5 21. cxd5 e5
22. Be3 Bb4 23. Bd2 Bd6 24. Bc3 Nh4 25. Nd2 Ng6 26. Nc4 Bc5
27. Rd2 a6 28. a5 Nf4 29. Qf3 Bd7 30. b4 Ba7 31. Bxe5 fxe5
32. Nxe5 Qg5 33. Nxd7 Nxg2 34. Nf6+ Kh8 35. Qxg2 Qxd2 36. Re7
Qc1+ 37. Qf1 Qg5+ 38. Kh1 Qxf6 39. Qe2 Rf8 40. Re8 h6 41. d6
Qxd6 0-1

[Event "Ordix Open"]
[Site "Mainz GER"]
[Date "2009.08.02"]
[EventDate "2009.08.01"]
[Round "6"]
[Result "0-1"]
[White "Konstantin Landa"]
[Black "Arkadij Naiditsch"]
[WhiteElo "2655"]
[BlackElo "2697"]
[PlyCount "63"]

1. d4 Nf6 2. Nf3 e6 3. c4 d5 4. g3 dxc4 5. Bg2 a6 6. O-O Nc6
7. Nc3 Rb8 8. e4 b5 9. d5 exd5 10. exd5 Nb4 11. Nd4 Bd7
12. Re1+ Be7 13. Qe2 Nd3 14. Bg5 Kf8 15. Rf1 h6 16. Be3 g6
17. b3 Kg7 18. bxc4 bxc4 19. Rab1 Bb4 20. Qc2 Ng4 21. Ne4 Nxe3
22. fxe3 f5 23. Nd2 Bxd2 24. Qxd2 Qe7 25. e4 Qg5 26. Qe2 Rxb1
27. Rxb1 Re8 28. Nf3 Qe7 29. e5 Qc5+ 30. Kf1 c3 31. e6 c2
32. Ra1 0-1

[Event "Ordix Open"]
[Site "Mainz GER"]
[Date "2009.08.02"]
[EventDate "2009.08.01"]
[Round "10"]
[Result "0-1"]
[White "Igor Lysyj"]
[Black "Arkadij Naiditsch"]
[WhiteElo "2617"]
[BlackElo "2697"]
[PlyCount "50"]

1. d4 Nf6 2. c4 e6 3. Nf3 d5 4. Nc3 dxc4 5. e3 a6 6. a4 c5
7. Bxc4 Nc6 8. O-O cxd4 9. exd4 Be7 10. d5 exd5 11. Nxd5 Nxd5
12. Bxd5 O-O 13. Be3 Nb4 14. Bb3 Bf5 15. Nd4 Bd3 16. Re1 Bf6
17. Qd2 a5 18. Nb5 Bc2 19. Bc4 Bxb2 20. Rad1 Bxd1 21. Qxb2 Rc8
22. Qc3 Nd5 23. Bxd5 Rxc3 24. Nxc3 Bxa4 25. Ba2 Bc6 0-1

[Event "Ordix Open"]
[Site "Mainz GER"]
[Date "2009.08.02"]
[EventDate "2009.08.01"]
[Round "11"]
[Result "0-1"]
[White "Etienne Bacrot"]
[Black "Arkadij Naiditsch"]
[WhiteElo "2721"]
[BlackElo "2697"]
[PlyCount "50"]

1. d4 Nf6 2. Nf3 e6 3. Bg5 c5 4. e3 Qb6 5. Bxf6 gxf6 6. Qc1
Nc6 7. c3 d5 8. Nbd2 e5 9. dxc5 Bxc5 10. Be2 Rg8 11. O-O Bg4
12. Re1 f5 13. Nb3 Be7 14. Nfd2 O-O-O 15. Bf1 e4 16. a4 Ne5
17. a5 Qh6 18. a6 Bf3 19. axb7+ Kb8 20. g3 Bh4 21. Bg2 Bxg2
22. Kxg2 Nd3 23. Qc2 Nxf2 24. Rf1 Ng4 25. Rae1 Bxg3 0-1

[Event "Montreal International Chess Tournament"]
[Site "?"]
[Date "2009.??.??"]
[EventDate "2009.08.27"]
[Round "6"]
[Result "1-0"]
[White "Varuzhan Akobian"]
[Black "Arkadij Naiditsch"]
[WhiteElo "2626"]
[BlackElo "2697"]
[PlyCount "45"]

1. d4 Nf6 2. c4 e6 3. Nf3 d5 4. cxd5 exd5 5. Nc3 c6 6. Qc2 Be7
7. Bg5 O-O 8. e3 Ne4 9. Bf4 f5 10. Bd3 Nd7 11. h3 g6 12. g4 g5
13. Bh2 fxg4 14. Nxe4 Rxf3 15. Nd6 Nf8 16. Bxh7+ Kg7 17. Be5+
Bf6 18. hxg4 Bxg4 19. Bf5 Bxe5 20. dxe5 Qa5+ 21. Kf1 Bxf5
22. Nxf5+ Kf7 23. Nd4 1-0

[Event "Montreal International Chess Tournament"]
[Site "Montreal CAN"]
[Date "2009.08.29"]
[EventDate "2009.08.27"]
[Round "3"]
[Result "1/2-1/2"]
[White "Alexander Moiseenko"]
[Black "Arkadij Naiditsch"]
[WhiteElo "2682"]
[BlackElo "2697"]
[PlyCount "30"]

1. d4 Nf6 2. c4 e6 3. Nf3 d5 4. Nc3 c5 5. cxd5 cxd4 6. Qxd4
exd5 7. e4 Nc6 8. Bb5 Nxe4 9. O-O Nf6 10. Bg5 Be7 11. Bxf6
Bxf6 12. Qxd5 O-O 13. Bxc6 bxc6 14. Qxc6 Be6 15. Rfd1 Qb8
1/2-1/2